000 00489nam a2200133Ia 4500
005 20250423095002.0
008 250422s9999 xx 000 0 und d
020 _a9781647483043
050 _aQA 76.9.D343 .J66/
100 _aJones, Herbert
245 0 _aData science: the ultimate guide to data analytics, data mining, data warehousing, data visualization, regression analysis, database querying, big data for business and machine learning for beginners
260 _c2020
942 _cBK
999 _c28891
_d28891